000 01002nam a22003017a 4500
001 4841
003 FISKH
005 20260402112549.0
008 241017b cb ||||| |||| 00| 0 eng d
020 _a0590897489
040 _aFISKH
_beng
_cFISKH
_dFISKH
050 _aPZ7.S7242
082 _a791.433
100 _aSoto, Gary
_d(1952-)
245 _aChato's kitchen /
_cBy Gary Soto Illustrated by Susan Guevara
250 _aFirst printing in 1996
260 _aNew York :
_bScholastic,
_c1996.
300 _a29 pages :
_bColor illustrations ;
_c27 cm
505 _aR
520 _aTo get the "ratoncitos," little mice, who have moved into the barrio to come to his house, Chato the cat prepares all kinds of good food: fajitas, frijoles, salsa, enchiladas, and more.
521 8 _a740L
_bLexile
521 8 _aR
_bRaz-Plus
650 _2Fiction
_aMulticultural
650 _2Picture book
_aAnimals
700 _aGuevara, Susan
_dIllustrator
942 _2ddc
_cBK
_n0
999 _c4841
_d4841